Ved and Qur`an Ka Muqabila (Record no. 4738)

MARC details
000 -LEADER
fixed length control field 00593nam a2200241 a 4500
020 ## - INTERNATIONAL STANDARD BOOK NUMBER
ISBN
082 00 - DEWEY DECIMAL CLASSIFICATION NUMBER
Classification number 297.294
Author Cutter AHM
100 ## - MAIN ENTRY--AUTHOR NAME
Author name Ahmad, Ghulam
245 ## - TITLE STATEMENT
Title Ved and Qur`an Ka Muqabila
260 ## - PUBLICATION, DISTRIBUTION, ETC. (IMPRINT)
Place of publication Lahore
Name of publisher Islamia Press
Year of publication 1893
300 ## - PHYSICAL DESCRIPTION
Number of Pages 86p
500 ## - GENERAL NOTE
General note includes index and biblioraphy
505 2# - FORMATTED CONTENTS NOTE
Formatted contents note three parts of first volume
650 ## - SUBJECT ADDED ENTRY--TOPICAL TERM
Topical Term Islam-Apologetic Works
942 ## - ADDED ENTRY ELEMENTS (KOHA)
Koha item type Books
700 1# -
-- Ahmad, Ghulam
Holdings
Collection code Home library Current library Date acquired Cost, normal purchase price Full call number Accession Number Koha item type
  Henry Martyn Institute Library Henry Martyn Institute Library 07/31/2007 100.00 297.294 AHM 06066 Books
                   Copyright © 2026 | Henry Martyn Institute | Hyderabad | TS-500052 | INDIA | Implemented by hmi.edu.in
Hit-Count:

Powered by Koha